000 00565nam a2200193Ia 4500
003 IN-BaIIA
008 211028s9999 xx 000 0 eng d
040 _cIIA Library
080 _a52-77
_bCAL
100 _aCalder, Nigel
_93807
245 0 _aRadio astronomy
_cNigel Calder
260 _aLondon
_bPhoenix House
_c1958
300 _a68p.
490 _aProgress in science series
650 _aAstronomy and astrophysics thesaurus
650 _aRadio astronomy
_92849
650 _aRadio sources
_93666
942 _cBK
999 _c2017
_d2017